<?xml version="1.0" encoding="UTF-8"?>
<record
    xmlns:xsi="http://www.w3.org/2001/XMLSchema-instance"
    xsi:schemaLocation="http://www.loc.gov/MARC21/slim http://www.loc.gov/standards/marcxml/schema/MARC21slim.xsd"
    xmlns="http://www.loc.gov/MARC21/slim">

  <leader>00899nam a2200253 a 4500</leader>
  <controlfield tag="005">20160201162742.0</controlfield>
  <controlfield tag="008">140304b2000    ck abodfr|||| 00| 0 spa d</controlfield>
  <datafield tag="020" ind1=" " ind2=" ">
    <subfield code="a">9589117872</subfield>
  </datafield>
  <datafield tag="040" ind1=" " ind2=" ">
    <subfield code="a">CO-BoIAVH</subfield>
    <subfield code="c">CO-BoIAVH</subfield>
  </datafield>
  <datafield tag="041" ind1="0" ind2=" ">
    <subfield code="a">spa</subfield>
  </datafield>
  <datafield tag="044" ind1=" " ind2=" ">
    <subfield code="a">ck</subfield>
  </datafield>
  <datafield tag="082" ind1="0" ind2="4">
    <subfield code="a">582.09861</subfield>
    <subfield code="b">L79f</subfield>
  </datafield>
  <datafield tag="100" ind1="1" ind2=" ">
    <subfield code="a">Llanos Henriquez, Fany</subfield>
  </datafield>
  <datafield tag="245" ind1="1" ind2="0">
    <subfield code="a">Flora de la regi&#xF3;n norte del departamento del Huila 2:</subfield>
    <subfield code="b">Municipio de Colombia /</subfield>
    <subfield code="c">Fany Llanos Henriquez</subfield>
  </datafield>
  <datafield tag="260" ind1=" " ind2=" ">
    <subfield code="a">Neiva (Huila), Colombia :</subfield>
    <subfield code="b">Universidad Surcolombiana ,</subfield>
    <subfield code="c">2000.</subfield>
  </datafield>
  <datafield tag="300" ind1=" " ind2=" ">
    <subfield code="a">96 p&#xE1;ginas :</subfield>
    <subfield code="b">Ilustraciones, mapas, fotograf&#xED;as ;</subfield>
    <subfield code="c">24 x17 cm</subfield>
  </datafield>
  <datafield tag="650" ind1=" " ind2="6">
    <subfield code="a">Flora</subfield>
    <subfield code="z">Huila  (Colombia)</subfield>
  </datafield>
  <datafield tag="650" ind1=" " ind2="6">
    <subfield code="a">Flora</subfield>
    <subfield code="x">Inventarios</subfield>
  </datafield>
  <datafield tag="650" ind1=" " ind2="6">
    <subfield code="a">Vegetaci&#xF3;n</subfield>
    <subfield code="v"> Clasificaci&#xF3;n</subfield>
    <subfield code="z">Huila (Colombia)</subfield>
  </datafield>
  <datafield tag="662" ind1=" " ind2=" ">
    <subfield code="a">Colombia</subfield>
    <subfield code="d">Rivera</subfield>
    <subfield code="b">Huila</subfield>
  </datafield>
  <datafield tag="662" ind1=" " ind2=" ">
    <subfield code="a">Colombia</subfield>
    <subfield code="d">Palermo</subfield>
    <subfield code="b">Huila</subfield>
  </datafield>
  <datafield tag="710" ind1="2" ind2=" ">
    <subfield code="a">Herbario SURCO</subfield>
  </datafield>
  <datafield tag="942" ind1=" " ind2=" ">
    <subfield code="c">LIBRO</subfield>
    <subfield code="2">ddc</subfield>
  </datafield>
  <datafield tag="999" ind1=" " ind2=" ">
    <subfield code="c">2098</subfield>
    <subfield code="d">2098</subfield>
  </datafield>
  <datafield tag="952" ind1=" " ind2=" ">
    <subfield code="0">0</subfield>
    <subfield code="1">0</subfield>
    <subfield code="2">ddc</subfield>
    <subfield code="4">0</subfield>
    <subfield code="7">0</subfield>
    <subfield code="8">GENERAL</subfield>
    <subfield code="I">INV2017</subfield>
    <subfield code="a">Bogota</subfield>
    <subfield code="b">Bogota</subfield>
    <subfield code="d">2001-01-30</subfield>
    <subfield code="e">Instituto</subfield>
    <subfield code="g">60000.00</subfield>
    <subfield code="l">0</subfield>
    <subfield code="o">LB-582.09861  L79f</subfield>
    <subfield code="p">002602</subfield>
    <subfield code="r">2012-12-04 00:00:00</subfield>
    <subfield code="t">V. 2 Ej. 1</subfield>
    <subfield code="w">2012-12-04</subfield>
    <subfield code="x">Donaci&#xF3;n</subfield>
    <subfield code="y">LIBRO</subfield>
  </datafield>
  <datafield tag="952" ind1=" " ind2=" ">
    <subfield code="0">0</subfield>
    <subfield code="1">0</subfield>
    <subfield code="2">ddc</subfield>
    <subfield code="4">0</subfield>
    <subfield code="7">0</subfield>
    <subfield code="8">GENERAL</subfield>
    <subfield code="I">INV2017</subfield>
    <subfield code="a">Venado</subfield>
    <subfield code="b">Venado</subfield>
    <subfield code="d">2005-12-01</subfield>
    <subfield code="e">Instituto</subfield>
    <subfield code="g">60000.00</subfield>
    <subfield code="l">0</subfield>
    <subfield code="o">LB-582.09861 L79f</subfield>
    <subfield code="p">022468</subfield>
    <subfield code="r">2012-12-04 00:00:00</subfield>
    <subfield code="t">V. 2 Ej. 2</subfield>
    <subfield code="w">2012-12-04</subfield>
    <subfield code="x">Donaci&#xF3;n</subfield>
    <subfield code="y">LIBRO</subfield>
  </datafield>
</record>
